LEADER 01820oam 2200481 450 001 9910707137403321 005 20160506145626.0 035 $a(CKB)5470000002462125 035 $a(OCoLC)891382578 035 $a(EXLCZ)995470000002462125 100 $a20140926d1967 ua 0 101 0 $aeng 135 $aurbn||||||||| 181 $ctxt$2rdacontent 182 $cc$2rdamedia 183 $acr$2rdacarrier 200 10$aCambrian and Precambrian rocks of the Groom district, Nevada, southern Great Basin /$fby Harley Barnes and Robert L. Christiansen ; prepared on behalf of the U. S. Atomic Energy Commission 210 1$a[Washington, D.C.] :$cUnited States Department of the Interior, Geological Survey,$d1967. 210 2$aWashington :$cUnited States Government Printing Office. 215 $a1 online resource (34 pages) $cillustrations 225 1 $aGeological Survey bulletin ;$v1244-G 225 1 $aContributions to stratigraphy 300 $aTitle from title screen (viewed September 15, 2014). 320 $aIncludes bibliographical references (pages 32-34). 517 1 $aCambrian, Precambrian rocks, Groom district, Nevada 606 $aGeology$zNevada 606 $aGeology, Stratigraphic$yCambrian 606 $aGeology, Stratigraphic$yPrecambrian 615 0$aGeology 615 0$aGeology, Stratigraphic 615 0$aGeology, Stratigraphic 700 $aBarnes$b Harley$f1916-1979,$0631227 702 $aChristiansen$b Robert L. 712 02$aGeological Survey (U.S.), 712 02$aU.S. Atomic Energy Commission, 801 0$bCOP 801 1$bCOP 801 2$bOCLCO 801 2$bGPO 906 $aBOOK 912 $a9910707137403321 996 $aCambrian and Precambrian rocks of the Groom district, Nevada, southern Great Basin$93466976 997 $aUNINA LEADER 04478nam 22007093u 450 001 9910797262503321 005 20230126212910.0 010 $a1-61249-367-X 035 $a(CKB)3710000000415620 035 $a(EBL)2056137 035 $a(SSID)ssj0001481841 035 $a(PQKBManifestationID)12566169 035 $a(PQKBTitleCode)TC0001481841 035 $a(PQKBWorkID)11502361 035 $a(PQKB)11789794 035 $a(MiAaPQ)EBC2056137 035 $a(EXLCZ)993710000000415620 100 $a20150601d2015|||| u|| | 101 0 $aeng 135 $aur|n|---||||| 181 $ctxt 182 $cc 183 $acr 200 10$aEssential Readings in Problem-Based Learning$b[electronic resource] $eExploring and Extending the Legacy of Howard S. Barrows 210 $aAshland $cPurdue University Press$d2015 215 $a1 online resource (399 p.) 300 $aDescription based upon print version of record. 311 $a1-55753-682-1 327 $aCover; Copyright; Contents; Foreword; Acknowledgments; Section I: The Process and Structure of Problem-Based Learning; Overview of Problem-Based Learning: Definitions and Distinctions; All Problems Are Not Equal: Implications for Problem-Based Learning; The Learning Space in Problem-Based Learning; Theoretical Anchors for Barrows' PBL Tutor Guidelines; Problem-Based Learning: Goals for Learning and Strategies for Facilitating; Section II: New Contexts for Problem-Based Learning; Essentials for PBL Implementation: Fostering Collaboration, Transforming Roles, and Scaffolding Learning 327 $aBlended Learning and PBL: An Interactional Ethnographic Approach to Understanding Knowledge Construction in SituExamination of Content Acquisition Using Problem-Based Learning in Career and Technical Education Courses at the Middle School Level; The GlobalEd 2 Simulations: Promoting Positive Academic Dispositions in Middle School Students in a Web-Based PBL Environment; Section III: Combining Problem-Based Learning With Other Interventions; Building Theory-Practice Nexus in Pre-Service Physics Teacher Education Through Problem-Based Learning 327 $aProblem-Based Learning as the Instructional Approach to Field Learning in the Secondary School SettingDistributing Scaffolding Across Multiple Levels: Individuals, Small Groups, and a Class of Students; Preparation for Future Learning: Exploring the Efficacy of Problem-Based Learning and Cross-Curricular Experiences; Problem-Based Learning as a Means of Revealing Unseen Academic Potential; Drugs, Devices, and Desires: A Historical Exploration of Medical Technology; Section IV: Summarizing and Assessing the Impact of Problem-Based Learning 327 $aA Scientometric, Large-Scale Data, and Visualization-Based Analysis of the PBL LiteratureA Meta-Analysis of Problem-Based Learning: Examination of Education Levels, Disciplines, Assessment Levels, Problem Types, Implementation Types, and Reasoning Strategies; Exploring the Relationships Between Tutor Background, Tutor Training, and Student Learning: A Problem-Based Learning Meta-Analysis; PBL Effectiveness, Tensions, and Practitioner Implications; Epilogue; Index 330 $aThis book surveys the state of problem-based learning and assesses the impact of this innovative educational methodology on teaching and research effectiveness across a range of disciplines and in a variety of organizational contexts. 606 $aBarrows, Howard S., 1928- 606 $aComputer-assisted instruction 606 $aEducation, Higher 606 $aProblem-based learning 606 $aProblem-based learning 606 $aEducation$2HILCC 606 $aSocial Sciences$2HILCC 606 $aTheory & Practice of Education$2HILCC 615 4$aBarrows, Howard S., 1928-. 615 4$aComputer-assisted instruction. 615 4$aEducation, Higher. 615 4$aProblem-based learning. 615 0$aProblem-based learning 615 7$aEducation 615 7$aSocial Sciences 615 7$aTheory & Practice of Education 676 $a378.1 676 $a378.12 700 $aWalker$b Andrew$075412 701 $aLeary$b Heather$01535372 701 $aHmelo-Silver$b Cindy$01535373 701 $aErtmer$b Peggy A$01535374 801 0$bAU-PeEL 801 1$bAU-PeEL 801 2$bAU-PeEL 906 $aBOOK 912 $a9910797262503321 996 $aEssential Readings in Problem-Based Learning$93783529 997 $aUNINA LEADER 05511nam 22006974a 450 001 9911006980103321 005 20200520144314.0 010 $a1-282-25315-8 010 $a9786612253157 010 $a0-08-094719-0 010 $a0-8155-1726-2 035 $a(CKB)1000000000327061 035 $a(EBL)428670 035 $a(OCoLC)437112466 035 $a(SSID)ssj0000156234 035 $a(PQKBManifestationID)12004063 035 $a(PQKBTitleCode)TC0000156234 035 $a(PQKBWorkID)10123594 035 $a(PQKB)10808192 035 $a(SSID)ssj0000400310 035 $a(PQKBManifestationID)11295392 035 $a(PQKBTitleCode)TC0000400310 035 $a(PQKBWorkID)10396131 035 $a(PQKB)11510048 035 $a(MiAaPQ)EBC428670 035 $a(MiAaPQ)EBC4668826 035 $a(EXLCZ)991000000000327061 100 $a20050811d2006 uy 0 101 0 $aeng 135 $aur|n|---||||| 181 $ctxt 182 $cc 183 $acr 200 10$aFluoroelastomers handbook $ethe definitive user's guide and databook /$fAlbert L. Moore 210 $aNorwich, NY $cWilliam Andrew Pub.$dc2006 215 $a1 online resource (377 p.) 225 1 $aPlastics Design Library Fluorocarbon 300 $aDescription based upon print version of record. 311 $a0-8155-1517-0 320 $aIncludes bibliographical references and index. 327 $aFront Cover; Fluoroelastomers Handbook: The Definitive User's Guide and Databook; Copyright Page; Contents; Series Editor's Preface; Preface; Acknowledgments; Part I: Fluoroelastomers Overview; Chapter 1. Fundamentals; 1.1 Introduction; 1.2 Scope: Fluorocarbon Elastomers; 1.3 Nature of Fluoroelastomers; 1.4 Fundamental Properties; 1.5 Developmental History: Compositions, Cure Technology; 1.6 Major Uses of Fluoroelastomers; 1.7 Producers of Fluoroelastomers; REFERENCES; Chapter 2. Fluoroelastomer Composition and Properties; 2.1 Major Families of Fluorocarbon Elastomers 327 $a2.2 VDF/HFP/(TFE) Elastomers2.3 VDF/PMVE/TFE Elastomers; 2.4 TFE/PMVE Perfluoroelastomers; 2.5 TFE/P Elastomers; 2.6 E/TFE/PMVE Elastomers; REFERENCES; Part II: Fluoroelastomers Technology; Chapter 3. Fluoroelastomer Monomers; 3.1 Introduction; 3.2 Vinylidene Fluoride (VDF); 3.3 Tetrafluoroethylene (TFE); 3.4 Hexafluoropropylene (HFP); 3.5 Perfluoro(methy1 vinyl ether) (PMVE); 3.6 Olefins: Ethylene and Propylene; 3.7 Cure-site Monomers; 3.8 Safety Aspects of Monomer Handling; REFERENCES; Chapter 4. Production of Fluoroelastomers; 4.1 Introduction; 4.2 General Process Description 327 $a4.3 Free Radical Copolymerization4.4 Emulsion Polymerization; 4.5 Suspension Polymerization; 4.6 Process Conditions and Polymer Characteristics; 4.7 Monomer Recovery; 4.8 Isolation; 4.9 Process Safety; 4.10 Commercial Process Descriptions; REFERENCES; Chapter 5. Cure Systems for Fluoroelastomers; 5.1 Introduction; 5.2 VDF/HFP/(TFE) Copolymers: Diamine, Bisphenol, Peroxide; 5.3 VDF/PMVE/TFE Elastomers: Peroxide (Bisphenol); 5.4 Perfluoroelastomers-Various Systems; 5.5 TFE/Propylene Elastomers: Peroxide, Bisphenol; 5.6 Ethylene/TFE/PMVE Elastomers: Peroxide, Bisphenol; REFERENCES 327 $aChapter 6. Processing of Fluoroelastomers6.1 Introduction; 6.2 Mixing; 6.3 Extrusion; 6.4 Molding; 6.5 Calendering; 6.6 Other Processing Methods; REFERENCES; Part III: Environmental Resistance and Applications of Fluoroelastomers; Chapter 7. Fluid Resistance of VDF-Containing Fluoroelastomers; 7.1 Introduction; 7.2 Fluid Resistance Data; 7.3 Discussion of Results; 7.4 Fluid Service Recommendations; REFERENCES; Chapter 8. Fluid and Heat Resistance of Perfluoroelastomers; 8.1 Introduction; 8.2 Fluid Resistance Data; 8.3 Heat Resistance Data; 8.4 Resistance to Special Environments 327 $a8.5 Major ApplicationsREFERENCES; Chapter 9. Fluid Resistance of TFE-Olefin Fluoroelastomers; 9.1 Introduction; 9.2 Fluid Resistance of TFE/Propylene Elastomers; 9.3 Fluid Resistance of Ethylene/TFE/PMVE Elastomer; REFERENCES; Chapter 10. Fluoroelastomer Applications; 10.1 Introduction; 10.2 Major End Uses; 10.3 Fabrication Methods; Chapter 11. Compounds for O-Rings and Molded Goods; 11.1 O-Rings; 11.2 VDF/HFP/TFE Compounds; 11.3 VDF/PMVE/TFE Compounds; 11.4 Seal Design Considerations; 11.5 Additional Fluoroelastomer Molding Compounds; REFERENCES; Chapter 12. Compounds for Auto Fuel Systems 327 $a12.1 Introduction 330 $aFluoroelastomers Handbook: The Definitive User's Guide and Databook is a comprehensive reference on fluoroelastomer chemistry, processing technology, and applications. This is a must-have reference for materials scientists and engineers in the automotive, aerospace, chemical, chemical process, and power generation industries. Fluoroelastomers meet rigorous performance requirements in harsh environments, enhancing reliability, safety, and environmental friendliness. Fluoroelastomers are growing as products of choice for critical components such as O-rings, hoses, and seals in hostile fluid and 410 0$aPlastics Design Library Fluorocarbon 606 $aElastomers$vHandbooks, manuals, etc 606 $aFluorocarbons$vHandbooks, manuals, etc 615 0$aElastomers 615 0$aFluorocarbons 676 $a620.1/94 700 $aMoore$b Albert L$01824674 801 0$bMiAaPQ 801 1$bMiAaPQ 801 2$bMiAaPQ 906 $aBOOK 912 $a9911006980103321 996 $aFluoroelastomers handbook$94391903 997 $aUNINA